00742 a2200157 4500003000500000005001700005040000900022082001500031100002600046245004300072260004400115300002400159505035800183600002600541650001700567Nust20230131141702.0 cNust a808.83,KEY aKeyses, Nial O'Malley aBlubber ship / cNial O'Malley Keyses, aGeorge G.Harrap & Co. LtdbBombayc1939 a275 pbillusc24 cm aEton Exit (Page-11), A Bad Smell (Page-34), Chaos and Confusion (Page-54), Trouble in Paradise (Page-76), Chown Time (Page-98), Bolling Blubber Ferzon Meat (Page-119), Whalers Waterloo (Page-142), All Quiet at San Clement (Page-166), Killer Boat (Page-185), Promoted Buson (Page-212), Outcasts (Page-232), The Savage returns to Civilizations (Page-253). aKeyses, Nial O'Malley aBlubber ship